[Event "Online Olym Div4 B 2020"]
[Site "chess.com INT"]
[Date "2020.07.31"]
[Round "1.1"]
[Board "1"]
[White "Alothman, Abdul Wahab"]
[Black "Beukes, Dante M"]
[Result "0-1"]
[WhiteTitle "FM"]
[BlackTitle "IM"]
[WhiteElo "1930"]
[BlackElo "2206"]
[WhiteTeam "Kuwait"]
[BlackTeam "Namibia"]
[WhiteFideId "10300015"]
[BlackFideId "15200540"]
[EventDate "2020.07.31"]
[EventType "team"]

1. d4 d6 2. Nf3 g6 3. c4 Nf6 4. Nc3 Bg7 5. e4 O-O 6. Be2 e5 7. O-O exd4 8. Nxd4
Re8 9. f3 Nc6 10. Nxc6 bxc6 11. Bg5 h6 12. Bh4 g5 13. Bf2 c5 14. Qd2 Nh5 15.
Rfe1 Nf4 16. Bf1 a5 17. Nd5 Ne6 18. g3 Nd4 19. Bg2 a4 20. Rab1 c6 21. Ne3 Qf6
22. Qd1 Be6 23. Rf1 Qg6 24. Kh1 f5 25. exf5 Nxf5 26. b3 Nxe3 27. Bxe3 Bf5 28.
Bg1 Bxb1 29. Qxb1 Qxb1 30. Rxb1 axb3 31. axb3 Ra1 32. Rxa1 Bxa1 33. Bf2 Re2 34.
Kg1 Bd4 35. Bxd4 cxd4 36. f4 d3 37. Bf1 Re1 38. Kf2 d2 0-1

[Event "Online Olym Div4 B 2020"]
[Site "chess.com INT"]
[Date "2020.07.31"]
[Round "1.1"]
[Board "2"]
[White "Eichab, Charles"]
[Black "Hashem, Khaled"]
[Result "1-0"]
[WhiteTitle "CM"]
[BlackTitle "CM"]
[WhiteElo "2029"]
[BlackElo "1908"]
[WhiteTeam "Namibia"]
[BlackTeam "Kuwait"]
[WhiteFideId "15200051"]
[BlackFideId "10300201"]
[EventDate "2020.07.31"]
[EventType "team"]

1. c4 c6 2. e3 d5 3. b3 Nf6 4. Nf3 Bg4 5. Be2 e6 6. Bb2 Nbd7 7. O-O Bd6 8. Nc3
O-O 9. d4 Qb8 10. h3 Bh5 11. Rc1 a6 12. a3 Rd8 13. Nd2 Bxe2 14. Qxe2 e5 15. dxe5
Nxe5 16. cxd5 cxd5 17. Rfd1 b5 18. Nf3 Ng6 19. Nd4 Qb7 20. b4 Ne5 21. Nf5 Bf8
22. Nxb5 Qxb5 23. Qxb5 axb5 24. Bxe5 Rxa3 25. Bxf6 gxf6 26. Rc7 Rb3 27. Rd4 Rxb4
28. Nh6+ Kg7 29. Nxf7 Rb1+ 30. Kh2 1-0

[Event "Online Olym Div4 B 2020"]
[Site "chess.com INT"]
[Date "2020.07.31"]
[Round "1.1"]
[Board "3"]
[White "Alawadhi, Amenah"]
[Black "Mentile, Lishen"]
[Result "1/2-1/2"]
[WhiteTitle "WCM"]
[BlackTitle "WCM"]
[WhiteElo "1327"]
[BlackElo "1513"]
[WhiteTeam "Kuwait"]
[BlackTeam "Namibia"]
[WhiteFideId "10301100"]
[BlackFideId "15200477"]
[EventDate "2020.07.31"]
[EventType "team"]

1. d4 d5 2. Bf4 Nc6 3. e3 a6 4. Nf3 Nf6 5. c4 Bg4 6. Nbd2 e6 7. Bd3 Bb4 8. Be2
Ne4 9. O-O Bxd2 10. Nxd2 Bxe2 11. Qxe2 Nxd2 12. Qxd2 dxc4 13. Rac1 O-O 14. Rxc4
Rc8 15. Rd1 Qd5 16. b3 Rfd8 17. Rc5 Qd7 18. Qc2 g6 19. Bh6 Nb4 20. Qb1 c6 21. a3
Nd5 22. Qe4 Qe7 23. g3 Nf6 24. Qh4 Nd5 25. Qxe7 Nxe7 26. Bg5 Rd7 27. h4 Nd5 28.
e4 Nc7 29. Rc2 Rcd8 30. Rcd2 Re8 31. a4 Kg7 32. e5 Nd5 33. Kh2 Rc8 34. Rd3 Nb4
35. Bf6+ Kg8 36. Rc3 Nd5 37. Rf3 Nxf6 38. exf6 c5 39. Rd2 Rcd8 40. Rfd3 cxd4 41.
f4 Rd5 42. Kg2 Kf8 43. g4 Ke8 44. Kf3 e5 45. fxe5 Rxe5 46. Rxd4 Rxd4 47. Rxd4 h6
48. Re4 Rxe4 49. Kxe4 Kd7 50. Ke5 a5 51. g5 h5 52. Kd5 Kc7 53. Kc5 b6+ 54. Kd5
Kd7 55. Ke5 Kc6 56. Kd4 Kd6 57. Kc4 Kc6 58. Kd4 Kd6 59. Kc4 Kc6 60. Kd4 1/2-1/2

[Event "Online Olym Div4 B 2020"]
[Site "chess.com INT"]
[Date "2020.07.31"]
[Round "1.1"]
[Board "4"]
[White "Tsuses, Patience"]
[Black "Almutawaa, Salma"]
[Result "1-0"]
[WhiteElo "1031"]
[BlackElo "1009"]
[WhiteTeam "Namibia"]
[BlackTeam "Kuwait"]
[WhiteFideId "15200876"]
[BlackFideId "10302867"]
[EventDate "2020.07.31"]
[EventType "team"]

1. e4 e6 2. d4 d5 3. e5 c5 4. c3 Nc6 5. Nf3 Qb6 6. Qb3 Qxb3 7. axb3 Bd7 8. Be3
cxd4 9. Bxd4 Nxd4 10. Nxd4 Bc5 11. b4 Bxd4 12. cxd4 Nh6 13. Bd3 O-O 14. O-O a6
15. Nc3 Bc6 16. b5 Bxb5 17. Nxb5 axb5 18. Bxb5 Nf5 19. Rad1 f6 20. f4 Ne3 21.
Ra1 Nxf1 22. Rxa8 Rxa8 23. Kxf1 Ra1+ 24. Kf2 Rb1 25. Kf3 Rxb2 26. Bd7 b5 27.
Bxe6+ Kh8 28. Bxd5 Rd2 29. Ke3 Rb2 30. e6 Kg8 31. e7+ Kh8 32. e8=Q# 1-0

[Event "Online Olym Div4 B 2020"]
[Site "chess.com INT"]
[Date "2020.07.31"]
[Round "1.1"]
[Board "5"]
[White "Alothman, Salem"]
[Black "Mouton, Daniel"]
[Result "1-0"]
[WhiteElo "1558"]
[BlackElo "1005"]
[WhiteTeam "Kuwait"]
[BlackTeam "Namibia"]
[WhiteFideId "10301186"]
[BlackFideId "15201058"]
[EventDate "2020.07.31"]
[EventType "team"]

1. e4 c5 2. Nf3 Nc6 3. d4 cxd4 4. Nxd4 Nf6 5. Nc3 d6 6. Be2 g6 7. O-O Bg7 8. Be3
O-O 9. f3 Bd7 10. Qd2 Re8 11. Kh1 Qc7 12. a4 a6 13. Nd5 Nxd5 14. exd5 Nxd4 15.
Bxd4 Bxd4 16. Qxd4 Qxc2 17. Bd3 Qc7 18. Rac1 Qb8 19. f4 Qa7 20. Qxa7 Rxa7 21. b3
e6 22. Rc7 Rd8 23. dxe6 Bxe6 24. Bc4 Rc8 25. Rxc8+ Bxc8 26. Rd1 Be6 27. Bxe6
fxe6 28. Rxd6 Kf7 29. Rd7+ Kf6 30. Rxh7 b5 31. Rxa7 bxa4 32. bxa4 Kf5 33. g3 e5
34. fxe5 Kxe5 35. Rxa6 Kf5 36. a5 1-0

[Event "Online Olym Div4 B 2020"]
[Site "chess.com INT"]
[Date "2020.07.31"]
[Round "1.2"]
[Board "1"]
[White "Nduwayesu, Maranatha"]
[Black "Eiti, Bashir"]
[Result "1/2-1/2"]
[BlackTitle "IM"]
[WhiteElo "1829"]
[BlackElo "2341"]
[WhiteTeam "Rwanda"]
[BlackTeam "Syria"]
[WhiteFideId "16001109"]
[BlackFideId "7601875"]
[EventDate "2020.07.31"]
[EventType "team"]

1. e4 d6 2. d4 Nf6 3. Nc3 g6 4. Nf3 Bg7 5. h3 O-O 6. Be3 Nc6 7. Qd2 e5 8. d5 Ne7
9. Bh6 c6 10. dxc6 bxc6 11. Rd1 d5 12. Bxg7 Kxg7 13. exd5 Nexd5 14. Nxd5 cxd5
15. Be2 Re8 16. O-O Bb7 17. Bb5 Re6 18. Rfe1 Qc7 19. Ba4 d4 20. Nh2 Nd5 21. Bb3
h5 22. Nf3 Rae8 23. Ng5 R6e7 24. Ne4 Nf4 25. f3 f5 26. Ng5 h4 27. Qf2 Qb6 28.
Qxh4 Rh8 29. Qf2 Kf6 30. h4 d3 31. Qxb6+ axb6 32. g3 Ne2+ 33. Kf2 f4 34. Rxd3
Nxg3 35. Rd6+ Kg7 36. Ne6+ Kh6 37. Rxe5 Nf5 38. Rxb6 Nxh4 39. Re1 Bxf3 40. Rb4
g5 41. Rb6 Kh5 42. Re5 Rxe6 43. Bxe6 Rd8 44. Bf7+ Kg4 45. Be6+ Kh5 46. Bf7+ Kg4
47. Be6+ Kh5 1/2-1/2

[Event "Online Olym Div4 B 2020"]
[Site "chess.com INT"]
[Date "2020.07.31"]
[Round "1.2"]
[Board "4"]
[White "Yazji, Mada"]
[Black "Shimwa, Marie Faustine"]
[Result "1-0"]
[WhiteElo "1704"]
[BlackElo "1397"]
[WhiteTeam "Syria"]
[BlackTeam "Rwanda"]
[WhiteFideId "7602065"]
[BlackFideId "16000188"]
[EventDate "2020.07.31"]
[EventType "team"]

1. e4 e5 2. Nf3 Nc6 3. d4 exd4 4. Nxd4 Nxd4 5. Qxd4 d6 6. Bc4 Be6 7. Bd5 Bxd5 8.
exd5 Nf6 9. O-O Be7 10. Nc3 O-O 11. Re1 1-0

[Event "Online Olym Div4 B 2020"]
[Site "chess.com INT"]
[Date "2020.07.31"]
[Round "1.2"]
[Board "5"]
[White "Cyubahiro, Ben Patrick"]
[Black "Koniahli, Malek."]
[Result "0-1"]
[BlackTitle "FM"]
[WhiteElo "1706"]
[BlackElo "2261"]
[WhiteTeam "Rwanda"]
[BlackTeam "Syria"]
[WhiteFideId "16001079"]
[BlackFideId "7603495"]
[EventDate "2020.07.31"]
[EventType "team"]

1. e4 c5 2. f4 Nc6 3. Nf3 d6 4. h3 g6 5. d3 Bg7 6. a3 e6 7. Be2 Nge7 8. O-O a6
9. Nc3 b5 10. Bd2 Bb7 11. Rb1 Rc8 12. Kh1 Nd4 13. Be3 d5 14. Qd2 Nxf3 15. Bxf3
d4 16. Bf2 dxc3 17. bxc3 O-O 18. c4 Qd7 19. cxb5 axb5 20. Qa5 Bd4 21. Qxb5 Qxb5
22. Rxb5 Bc6 23. Rbb1 Ra8 24. Bxd4 cxd4 25. Rb3 Rfb8 26. Rfb1 Rxb3 27. Rxb3 Ba4
28. Rb7 Kf8 29. e5 Bc6 30. Rb3 Bxf3 31. gxf3 Nd5 32. Kg1 Rc8 33. a4 Rxc2 34. Ra3
Rc3 35. Ra2 Nb4 36. Ra1 Rxd3 37. a5 Na6 38. Kf2 Ke7 39. Ra4 Kd7 40. Ke2 Re3+ 41.
Kd2 Rxf3 42. Rxd4+ Kc7 43. Rc4+ Kb7 44. Rd4 Nc5 45. Rb4+ Ka6 46. Rb8 Kxa5 47.
Ra8+ Kb6 48. Rb8+ Kc6 49. Rc8+ Kd5 50. Rd8+ Ke4 51. Rc8 Nb3+ 52. Kc2 Nd4+ 53.
Kd2 Kxf4 54. Rf8 Kxe5 0-1

[Event "Online Olym Div4 B 2020"]
[Site "chess.com INT"]
[Date "2020.07.31"]
[Round "1.3"]
[Board "1"]
[White "Nezad, Husein Aziz"]
[Black "Michaelides, Konstantinos"]
[Result "1-0"]
[WhiteTitle "IM"]
[BlackTitle "CM"]
[WhiteElo "2386"]
[BlackElo "2260"]
[WhiteTeam "Qatar"]
[BlackTeam "Cyprus"]
[WhiteFideId "12100293"]
[BlackFideId "5901871"]
[EventDate "2020.07.31"]
[EventType "team"]

1. Nf3 Nf6 2. c4 e6 3. Nc3 Bb4 4. Qb3 Bxc3 5. Qxc3 b6 6. b4 Bb7 7. Bb2 d6 8. g3
e5 9. Bg2 O-O 10. O-O Qc8 11. c5 bxc5 12. bxc5 Nc6 13. cxd6 cxd6 14. Rfc1 Qd7
15. d3 Rfc8 16. Qa3 Rc7 17. Nd2 Ne7 18. Rxc7 Qxc7 19. Rc1 Qd7 20. Bxb7 Qxb7 21.
Nc4 Nf5 22. e4 d5 23. Na5 Qd7 24. exf5 Qxf5 25. Nc6 Re8 26. Ne7+ 1-0

[Event "Online Olym Div4 B 2020"]
[Site "chess.com INT"]
[Date "2020.07.31"]
[Round "1.3"]
[Board "3"]
[White "Al-Khelaifi, Kholoud"]
[Black "Ioannides Liu, Lian"]
[Result "1-0"]
[WhiteTitle "WCM"]
[WhiteElo "1507"]
[BlackElo "1270"]
[WhiteTeam "Qatar"]
[BlackTeam "Cyprus"]
[WhiteFideId "12100145"]
[BlackFideId "5904366"]
[EventDate "2020.07.31"]
[EventType "team"]

1. d4 f5 2. e3 Nf6 3. f4 e6 4. Nf3 b6 5. Bd3 Bb7 6. O-O c5 7. c3 Nc6 8. Nbd2 a6
9. Ne5 g6 10. Qe2 d6 11. Nxc6 Bxc6 12. Bxa6 Qb8 13. Bb5 Bxb5 14. Qxb5+ Nd7 15.
Qb3 b5 16. Qxe6+ Be7 17. Qb3 c4 18. Qd1 d5 19. Nf3 Nf6 20. Ne5 Qb7 21. Bd2 Ne4
22. a3 Nxd2 23. Qxd2 O-O 24. Qf2 Qc8 25. Qf3 Qe6 26. h3 Bd6 27. Rfd1 Rfe8 28.
Kh1 Kg7 29. Rg1 Be7 30. Raf1 Bf6 31. Rd1 Rf8 32. g4 Kh8 33. g5 Bxe5 34. dxe5
Rad8 35. Rd2 Rd7 36. Rgd1 Rfd8 37. h4 Qf7 38. Rg1 Kg7 39. Qd1 h5 40. gxh6+ Kxh6
41. Rdg2 Rh8 42. Qe1 Rdd8 43. Qg3 Rdg8 44. Qg5+ Kh7 45. Rh2 Qg7 46. h5 Qh6 47.
hxg6+ Kg7 48. Qf6# 1-0

[Event "Online Olym Div4 B 2020"]
[Site "chess.com INT"]
[Date "2020.07.31"]
[Round "1.3"]
[Board "4"]
[White "Ioannides Liu, Alice"]
[Black "Rawda Mansour AlQassabi"]
[Result "1-0"]
[WhiteElo "1287"]
[BlackElo "1049"]
[WhiteTeam "Cyprus"]
[BlackTeam "Qatar"]
[WhiteFideId "5904374"]
[BlackFideId "12102040"]
[EventDate "2020.07.31"]
[EventType "team"]

1. e4 d5 2. exd5 Qxd5 3. Nc3 Qd6 4. Nf3 Nf6 5. d4 g6 6. Bc4 Bg7 7. O-O a6 8. Be3
O-O 9. Qd2 b5 10. Bb3 Bb7 11. Ne5 e6 12. Rad1 Nc6 13. Nxc6 Qxc6 14. f3 Rad8 15.
Bh6 Rfe8 16. Bxg7 Kxg7 17. Qe3 Nd5 18. Nxd5 exd5 19. Qd3 Qf6 20. c3 Bc8 21. a4
Bf5 22. Qd2 c6 23. axb5 axb5 24. Ra1 Ra8 25. Ra2 Rxa2 26. Bxa2 Ra8 27. b4 Re8
28. Bb1 Bxb1 29. Rxb1 h6 30. Re1 Rxe1+ 31. Qxe1 Qe6 32. Qxe6 fxe6 33. Kf2 Kf6
34. Ke3 Kf5 35. h3 h5 36. g4+ hxg4 37. hxg4+ Kg5 38. Kf2 Kf4 39. Ke2 Kg5 40. Ke3
Kf6 41. f4 g5 42. Kf3 gxf4 43. Kxf4 Kg6 44. Ke5 Kf7 45. Kf4 Kf6 46. g5+ Kg6 47.
Ke5 Kxg5 48. Kxe6 Kf4 49. Kd6 Ke3 50. Kxc6 Kd3 51. Kxb5 Kxc3 52. Kc5 Kb3 53. b5
Kc3 54. b6 Kd3 55. b7 Kc3 56. Kxd5 Kd3 57. b8=Q Ke3 58. Qe5+ Kd3 59. Qe4+ Kc3
60. Kc5 Kb2 61. d5 Ka1 62. d6 Ka2 63. d7 Kb2 64. Qc4 Ka1 65. d8=Q Kb2 66. Qb8+
Ka1 67. Qa4# 1-0

[Event "Online Olym Div4 B 2020"]
[Site "chess.com INT"]
[Date "2020.07.31"]
[Round "1.3"]
[Board "5"]
[White "Abdulla Mohammed Al-Homaid"]
[Black "Rousis, Chrysostomos"]
[Result "1-0"]
[WhiteElo "1301"]
[BlackElo "1692"]
[WhiteTeam "Qatar"]
[BlackTeam "Cyprus"]
[WhiteFideId "12102016"]
[BlackFideId "5902860"]
[EventDate "2020.07.31"]
[EventType "team"]

1. e4 c5 2. Nf3 d6 3. Bb5+ Nd7 4. c3 a6 5. Ba4 b5 6. Bc2 Ngf6 7. O-O e6 8. d4
Qc7 9. Re1 Be7 10. Nbd2 Bb7 11. Nf1 O-O 12. Ng3 Rac8 13. Bd3 Rfd8 14. h3 c4 15.
Bc2 e5 16. Nh2 a5 17. Ng4 b4 18. Qf3 Nxg4 19. Qxg4 Nf6 20. Qf3 g6 21. Bh6 bxc3
22. bxc3 exd4 23. cxd4 c3 24. Qf4 Qc6 25. d5 Qc7 26. Bg5 Ne8 27. Re3 Bxg5 28.
Qxg5 Ng7 29. Rf3 Rf8 30. h4 Qd8 31. Qh6 f5 32. exf5 Bxd5 33. fxg6 Rxf3 34. Qxh7+
Kf8 35. Qh8+ Ke7 36. Qxg7+ Rf7 37. Nf5+ Kd7 38. gxf7 Qf8 39. Ba4+ Kc7 40. Qxf8
Rxf8 41. Be8 Be6 42. Nh6 d5 43. Rc1 d4 44. Kf1 Kd6 45. Ke2 Kc5 46. Kd3 Bxa2 47.
g4 Bc4+ 48. Ke4 a4 49. g5 a3 50. g6 Rh8 51. g7 Rxh6 52. f8=Q+ Kb6 53. Qb4+ Bb5
54. Qxb5+ Kc7 55. Qc5+ Kd8 56. g8=Q Rxh4+ 57. Kd3 Rh3+ 58. Kc4 d3 59. Qd6+ Kc8
60. Qge6+ Kb7 61. Qed7+ Ka8 62. Q7c6+ Ka7 63. Qdd7+ Kb8 64. Qcc8# 1-0

[Event "Online Olym Div4 B 2020"]
[Site "chess.com INT"]
[Date "2020.07.31"]
[Round "1.4"]
[Board "1"]
[White "Wanyama, Harold"]
[Black "Paiva, Donaldo"]
[Result "0-1"]
[WhiteTitle "FM"]
[BlackTitle "CM"]
[WhiteElo "2312"]
[BlackElo "2230"]
[WhiteTeam "Uganda"]
[BlackTeam "Mozambique"]
[WhiteFideId "10000380"]
[BlackFideId "14800098"]
[EventDate "2020.07.31"]
[EventType "team"]

1. d4 Nf6 2. c4 e6 3. Nc3 Bb4 4. Qc2 O-O 5. e4 d5 6. e5 Ne4 7. a3 Bxc3+ 8. bxc3
c5 9. Bd3 cxd4 10. cxd4 Qa5+ 11. Kf1 f6 12. Bxe4 dxe4 13. Bd2 Qd8 14. Qxe4 fxe5
15. Nf3 Nc6 16. Bg5 Qb6 17. dxe5 Qb2 18. Rb1 Qxa3 19. h4 Qa2 20. Rc1 Bd7 21. Rh3
Rf5 22. g4 Rf7 23. Be3 h6 24. h5 Raf8 25. Kg1 Qe2 26. Re1 Qb2 27. Bc1 Qb4 28.
Bd2 Qc5 29. Be3 Qa5 30. Rd1 Qa4 31. Rd6 Na5 32. g5 Bc6 33. Rxc6 Qxc6 34. Qg6
Rxf3 35. gxh6 R8f7 36. Rh4 Rxe3 37. fxe3 Qf3 0-1

[Event "Online Olym Div4 B 2020"]
[Site "chess.com INT"]
[Date "2020.07.31"]
[Round "1.4"]
[Board "2"]
[White "Abrantes, Persson"]
[Black "Wagodo, Abdul Shakuru"]
[Result "1-0"]
[WhiteTitle "CM"]
[WhiteElo "2018"]
[BlackElo "1895"]
[WhiteTeam "Mozambique"]
[BlackTeam "Uganda"]
[WhiteFideId "14800063"]
[BlackFideId "10003673"]
[EventDate "2020.07.31"]
[EventType "team"]

1. e4 c5 2. Nf3 a6 3. g3 Nc6 4. Bg2 e5 5. d3 Nf6 6. Nc3 Be7 7. Be3 d6 8. h3 O-O
9. O-O h6 10. Nh2 Nh7 11. g4 g5 12. Nd5 Be6 13. Nxe7+ Qxe7 14. c3 Rac8 15. Nf3
Qd7 16. Qd2 f6 17. d4 cxd4 18. cxd4 Ne7 19. d5 Bf7 20. Rfc1 Rxc1+ 21. Rxc1 Rc8
22. Rxc8+ Qxc8 23. Qb4 Qc7 24. Nd2 Nc8 25. Nc4 Be8 26. Nb6 Nxb6 27. Bxb6 Qd7 28.
Bf1 h5 29. f3 hxg4 30. hxg4 Kf7 31. b3 Nf8 32. Qc3 Ng6 33. Bc7 Nh4 34. Kf2 Ke7
35. Qa5 Ng6 36. Qb6 Nf4 37. Qxb7 Kf7 38. Bxa6 Kg6 39. Bb6 Kf7 40. Qxd7+ Bxd7 41.
a4 Ke7 42. a5 Ng6 43. Bb7 1-0

[Event "Online Olym Div4 B 2020"]
[Site "chess.com INT"]
[Date "2020.07.31"]
[Round "1.4"]
[Board "3"]
[White "Ampaire, Shakira"]
[Black "Vilhete, Vania Fausto Da T."]
[Result "1-0"]
[WhiteTitle "WCM"]
[BlackTitle "WIM"]
[WhiteElo "1673"]
[BlackElo "1799"]
[WhiteTeam "Uganda"]
[BlackTeam "Mozambique"]
[WhiteFideId "10002782"]
[BlackFideId "14800144"]
[EventDate "2020.07.31"]
[EventType "team"]

1. e4 c5 2. Nf3 d6 3. Bb5+ Bd7 4. Nc3 Nc6 5. O-O Nf6 6. Re1 e6 7. d4 cxd4 8.
Nxd4 Be7 9. Bg5 O-O 10. Bh4 Re8 11. Bg3 Qb6 12. Nxc6 bxc6 13. Ba4 Qxb2 14. Qd2
Qb4 15. Rab1 Qa5 16. e5 dxe5 17. Bxe5 Nd5 18. Bb3 Rad8 19. Bxd5 cxd5 20. Qd3 Rc8
21. Rb3 Bc6 22. Reb1 f6 23. Bf4 e5 24. Bd2 Qd8 25. Qa6 d4 26. Ne2 Qd5 27. f3 e4
28. Ng3 exf3 29. gxf3 Bc5 30. Kg2 Bd6 31. Re1 Rxe1 32. Bxe1 Re8 33. Bd2 Bxg3 34.
hxg3 Re2+ 35. Qxe2 h6 36. Qd3 Bb5 37. Qxb5 1-0

[Event "Online Olym Div4 B 2020"]
[Site "chess.com INT"]
[Date "2020.07.31"]
[Round "1.4"]
[Board "4"]
[White "Sitoe, Cheila Andre"]
[Black "Namaganda, Christine"]
[Result "0-1"]
[WhiteTitle "WCM"]
[BlackTitle "WFM"]
[WhiteElo "1588"]
[BlackElo "1661"]
[WhiteTeam "Mozambique"]
[BlackTeam "Uganda"]
[WhiteFideId "14800780"]
[BlackFideId "10000445"]
[EventDate "2020.07.31"]
[EventType "team"]

1. e4 d6 2. d4 Nf6 3. Nc3 g6 4. Nf3 Bg4 5. Be2 Bg7 6. h3 Bxf3 7. Bxf3 c6 8. Be3
Nbd7 9. Qd2 Qc7 10. a4 e5 11. Rd1 O-O 12. Bh6 exd4 13. Bxg7 dxc3 14. Qh6 Rfe8
15. Bxf6 Nxf6 16. bxc3 Nxe4 17. O-O Nxc3 18. Rd4 Ne2+ 19. Bxe2 Rxe2 20. Rh4 f5
21. Rd1 Rae8 22. g4 fxg4 23. Rxg4 Qf7 24. Rf4 Qg7 25. Qxg7+ Kxg7 26. Rxd6 R8e7
27. c3 Rf7 28. Rxf7+ Kxf7 29. Rd4 Ke6 30. Kf1 Re5 31. f3 Re3 32. Kf2 Rxc3 33.
Kg3 b5 34. axb5 cxb5 35. Re4+ Kd6 36. Rf4 Rc7 37. Re4 a5 38. Re8 Rb7 39. Kf2 a4
40. Ke2 Re7+ 41. Rxe7 Kxe7 0-1

[Event "Online Olym Div4 B 2020"]
[Site "chess.com INT"]
[Date "2020.07.31"]
[Round "1.4"]
[Board "5"]
[White "Nyola Wasswa Mark"]
[Black "Farisse, Joao"]
[Result "0-1"]
[WhiteElo "1680"]
[BlackElo "1574"]
[WhiteTeam "Uganda"]
[BlackTeam "Mozambique"]
[WhiteFideId "10007660"]
[BlackFideId "14800730"]
[EventDate "2020.07.31"]
[EventType "team"]

1. Nf3 Nf6 2. d4 e6 3. e3 Be7 4. Bd3 O-O 5. O-O d5 6. Nbd2 c5 7. b3 cxd4 8. exd4
Nc6 9. a3 Bd7 10. Bb2 Rc8 11. Ne5 g6 12. f4 Ne8 13. Qe2 Bf6 14. g4 Bg7 15. Rae1
f6 16. Nxd7 Qxd7 17. Qxe6+ Qxe6 18. Rxe6 Nc7 19. Re2 Rce8 20. f5 Rxe2 21. Bxe2
Bh6 22. Nf3 Re8 23. Bd3 Be3+ 24. Kg2 gxf5 25. gxf5 Kf7 26. c4 Rg8+ 27. Kh3 Ne7
28. Re1 Bf4 29. Rg1 Re8 30. Kg4 Bd6 31. c5 Rg8+ 32. Kh5 Rxg1 33. cxd6 Rg8 34.
Bc1 Ne8 35. dxe7 Kxe7 36. Bf4 Rg2 37. Nh4 Rf2 38. Bg3 Rd2 39. Bb5 Rxd4 40. Bxe8
Kxe8 41. Kh6 Rd3 42. Ng6 Rxb3 43. Kg7 Rb6 44. Nf4 d4 45. Nd5 d3 46. Bf4 Rb2 47.
Nxf6+ Kd8 48. Ne4 Rg2+ 49. Kxh7 Rg4 50. Bg5+ Rxg5 51. f6 Rf5 52. Kg6 Rf4 53. Nd2
Rf2 54. Ne4 Rf4 55. Nd2 a5 56. h4 Rxh4 57. Kf7 Rh2 58. Nf3 d2 59. Nxh2 d1=Q 60.
Kg7 Qg1+ 0-1

[Event "Online Olym Div4 B 2020"]
[Site "chess.com INT"]
[Date "2020.07.31"]
[Round "1.4"]
[Board "6"]
[White "Efentakis, Theodora"]
[Black "Nakanyike, Maria"]
[Result "1-0"]
[BlackTitle "WCM"]
[WhiteElo "1147"]
[BlackElo "1426"]
[WhiteTeam "Mozambique"]
[BlackTeam "Uganda"]
[WhiteFideId "14801078"]
[BlackFideId "10004386"]
[EventDate "2020.07.31"]
[EventType "team"]

1. e4 e5 2. Nf3 Nc6 3. Bc4 Bc5 4. Nc3 Nf6 5. d3 h6 6. O-O O-O 7. a3 a6 8. h3 d6
9. Be3 Bd7 10. Qe2 Re8 11. Rfe1 Qc8 12. Nh2 Nd4 13. Bxd4 Bxd4 14. Qd2 c6 15.
Rab1 Bxc3 16. Qxc3 d5 17. exd5 cxd5 18. Bb3 Qxc3 19. bxc3 Rac8 20. c4 dxc4 21.
Bxc4 Bc6 22. Re2 Rcd8 23. Rbe1 Nd7 24. Ng4 b5 25. Bb3 Re7 26. Nxe5 Nxe5 27. Rxe5
Rxe5 28. Rxe5 Kf8 29. Rf5 f6 30. Rc5 Bb7 31. Rc7 Bc8 32. Rf7+ Ke8 33. Rxg7 f5
34. Rh7 Rd6 35. Ra7 Kd8 36. Rg7 Bd7 37. f3 Kc7 38. Kf2 Kc6 39. Ke3 Kc5 40. g4
fxg4 41. fxg4 a5 42. Re7 Kb6 43. Re4 a4 44. Ba2 Rc6 45. Rd4 Be6 46. Bxe6 Rxe6+
47. Re4 Rc6 48. c4 b4 49. axb4 a3 50. Rf4 Re6+ 51. Kd2 Re7 52. Rf1 Ra7 53. Ra1
Ra4 54. Kc3 a2 55. Kb3 Ra7 56. Rxa2 Rxa2 57. Kxa2 Ka6 58. Kb3 Kb6 59. h4 Kc7 60.
g5 Kb6 61. gxh6 Kc6 62. h7 Kd7 63. h8=Q Ke7 64. Qh6 Kd7 65. Ka4 Kc7 66. Kb5 Kd7
67. Qf6 Kc7 68. Qc6+ Kd8 69. Qb7 Ke8 70. Kc6 Kf8 71. Kd6 Kg8 72. Ke6 Kh8 73. Kf6
Kg8 74. Qg7# 1-0

[Event "Online Olym Div4 B 2020"]
[Site "chess.com INT"]
[Date "2020.07.31"]
[Round "1.5"]
[Board "1"]
[White "Borg, Geoffrey"]
[Black "Yousuf Azeem Makhdoomi"]
[Result "0-1"]
[WhiteTitle "FM"]
[WhiteElo "2367"]
[BlackElo "1790"]
[WhiteTeam "Malta"]
[BlackTeam "Pakistan"]
[WhiteFideId "5600014"]
[BlackFideId "7801254"]
[EventDate "2020.07.31"]
[EventType "team"]

1. d4 d5 2. c4 e6 3. Nf3 Nf6 4. g3 Be7 5. Bg2 O-O 6. O-O b6 7. Nc3 Bb7 8. cxd5
exd5 9. Bf4 Nbd7 10. Rc1 c5 11. Ne5 Rc8 12. a3 c4 13. Re1 a6 14. Bg5 b5 15. Bh3
Ra8 16. Nxd7 Nxd7 17. Bxe7 Qxe7 18. Bg2 Nf6 19. f3 Qe3+ 20. Kh1 Rfe8 21. Rc2 Re7
22. Qd2 Rae8 23. Qxe3 Rxe3 24. Kg1 Bc6 25. Kf2 a5 26. Nd1 R3e7 27. e3 b4 28.
axb4 axb4 29. Rce2 Ba4 30. g4 g5 31. Kg3 Bxd1 32. Rxd1 Rxe3 33. Rxe3 Rxe3 34.
Kf2 Rb3 35. Rd2 c3 36. bxc3 bxc3 37. Rd1 Rb2+ 38. Kg3 h5 39. Rc1 h4+ 40. Kh3 Rb3
41. Bf1 Ne8 42. Ba6 Nc7 43. Bc8 Nb5 44. Bb7 Nc7 45. Bc6 Ne6 46. Kg2 Rb2+ 47. Kf1
c2 48. Ke1 Nxd4 0-1

[Event "Online Olym Div4 B 2020"]
[Site "chess.com INT"]
[Date "2020.07.31"]
[Round "2.1"]
[Board "2"]
[White "Yousuf Azeem Makhdoomi"]
[Black "Eichab, Charles"]
[Result "1/2-1/2"]
[BlackTitle "CM"]
[WhiteElo "1790"]
[BlackElo "2029"]
[WhiteTeam "Pakistan"]
[BlackTeam "Namibia"]
[WhiteFideId "7801254"]
[BlackFideId "15200051"]
[EventDate "2020.07.31"]
[EventType "team"]

1. c4 Nf6 2. d3 c5 3. Nf3 Nc6 4. e3 d5 5. cxd5 Nxd5 6. a3 e5 7. Be2 Be6 8. O-O
Be7 9. Qc2 O-O 10. b3 Rc8 11. Bb2 Bd6 12. Nbd2 b6 13. Nc4 f6 14. Nxd6 Qxd6 15.
Rac1 Rfd8 16. Rfd1 Qf8 17. Rb1 Qf7 18. Ba1 Nde7 19. Qb2 a5 20. Nd2 Rc7 21. Nc4
b5 22. Nd2 b4 23. Rdc1 Nd5 24. Qa2 Na7 25. axb4 axb4 26. Ne4 Nb5 27. Qd2 f5 28.
Rxc5 Rxc5 29. Nxc5 Ndc3 30. Nxe6 Qxe6 31. Rb2 Ra8 32. g3 Rxa1+ 33. Kg2 Qc6+ 34.
Bf3 e4 35. dxe4 fxe4 36. Qd8+ Kf7 37. Bg4 Qd6 38. Bd7 g6 39. Qe8+ Kg7 40. Bxb5
Qf6 41. Rd2 Qf3+ 42. Kh3 Qh5+ 43. Kg2 Qf3+ 44. Kh3 Qh5+ 45. Kg2 Qf3+ 1/2-1/2